| 000 | 004280000a22001690004500 | ||
|---|---|---|---|
| 003 | MACL | ||
| 005 | 20151230160701.0 | ||
| 008 | 151230b xxu||||| |||| 00| 0 eng d | ||
| 040 |
_aMACL _cMACL |
||
| 041 | _aEnglish | ||
| 082 | _a294.3/suz | ||
| 100 |
_aSuzuki, Daisetz Teitaro _923984 |
||
| 245 | _aThe Essence of Buddhism | ||
| 260 |
_bThe Buddhist Society _c1947 |
||
| 650 |
_aReligion _925191 |
||
| 942 |
_cBK _k294.3/SUZ _2ddc |
||
| 999 |
_c38772 _d38772 |
||